000 00927nam a22002537a 4500
999 _c1876
_d1876
003 AR-CdUCM
008 190228b ||||| |||| 00| 0 spa d
040 _aMUNICIPALIDAD PROVINCIAL DEL CUSCO
_cBIBLIOTECA MUNICIPAL DEL CUSCO
041 _hgre
082 _a119.61 /
_bE 2007
100 _aErasmus, Desiderius
_96872
245 _aElogio de la locura /
260 _aArgentina ;
_bCentro editor de América Latina
_c1969.
300 _a121 páginas ;
_c16 cm.
440 _aBiblioteca Básica Universal
_96873
505 _aErasmo de Rotterdam, a su amigo Tomas Moro: Salud - Introducción - Tema del discurso -Defensa de la propia Alabanza - Cara a Cara de la Necedad...
650 _aErasmo de Rotterdam.
_96874
650 _aInsensatez.
_96875
650 _aFilosofía renacentista.
_96876
650 _aEnsayos filosóficos.
_96877
650 _aLiteratura.
_983
942 _2ddc
_cLIBROS
945 _admma
_d2019-02-28